000 00420nam a22001457a 4500
008 250605b |||||||| |||| 00| 0 eng d
020 _a0521353084
050 _aQH 380
_b.K 56
100 _aKing max
245 _aSpecies evolution: The role of chromosome change
260 _aCambridge
_bThe syndicate of the university of Cambridge
_c1993
300 _a336p
650 _aVariation (biology)
_vSpecies
942 _cBK
999 _c3823
_d3823